000 00907nas a2200301 4500
001 BR0203262
003 BR-BrBNA
005 20231205103049.0
007 ta
008 230509b bl.|||p| |||| 00| 00por d
040 _aBR-BrBNA
_bpor
_cBiblioteca Nacional de Agricultura
041 _a(Pt)
072 _aQ04
100 1 _aAntoniolli, L.R.
100 1 _aCastro, P.R. de C. e
100 1 _aKluge, R.A.
100 1 _aScarpare Filho, J.A.
245 1 _aRemoção da adstringência de frutos de caquizeiro "Giombo" sob diferentes temperaturas
650 _aCAQUI
650 _aETANOL
650 _aTEMPERATURA
650 _aPROPRIEDADE FÍSICO-QUÍMICA
650 _aQUALIDADE
650 _aVITAMINA C
773 0 _tPesquisa Agropecuária Brasileira (Brazil)
_xISSN 0100-204X
_g(May 2002), v. 37(5) p. 687-691
_wBR0203262
909 _a202311
_bLúcia
_c55
_dLúcia Elande
942 _2AGRIS
_n0
_cANA
999 _c170857
_d170857